000 00487cam a22001811 4500
003 Nust
005 20170216102640.0
008 170216b xxu||||| |||| 00| 0 eng d
040 _cNust-MCE
082 _a621.31
_bFRA
_cL-10, P-3
100 1 _aFrancis, Thomas George.
245 1 0 _aElectrical installation work.
260 _aLondon,
_aNew York,
_bLongmans, Green
_c[1950]
300 _axv, 232 p.
_billus.
_c23 cm.
650 0 _aElectric wiring, Interior.
650 0 _aMCE
942 _cBK
999 _c223815
_d223815